Riego por diques de contorno /

Guardado en:
Autor Principal: Estados Unidos de América Departamento de Agricultura Servicio de Conservación de Suelos
Formato: Libro
Publicado: México : Diana, 1978
Series:Ingeniería de suelos
Materias:
Etiquetas: Agregar Etiqueta
Sin Etiquetas, Sea el primero en etiquetar este registro!
LEADER 00934nam a22002295a 4500
001 CEM.cems016675
005 20130603111031.0
008 130507s1978##################000#0#####d
003 CEMS
082 0 4 |a 631.7 
100 1 |a Estados Unidos de América Departamento de Agricultura Servicio de Conservación de Suelos 
245 1 0 |a Riego por diques de contorno /  |c Estados Unidos de América Departamento de Agricultura Servicio de Conservación de Suelos, 
260 |a México :  |b Diana,  |c 1978 
300 |a 51 p. 
490 0 |a Ingeniería de suelos 
653 |a Riego por diques de contorno 
653 |a Riego 
653 |a Suelo 
859 |a CEMS  |b BIB. CEMS - Agricultura  |h 631.7  |i Es82  |p A0244.00  |t Ej.1  |v 3  |3 3 
859 |a CEMS  |b BIB. CEMS - Agricultura  |h 631.7  |i Es82  |p A0245.00  |t Ej.2  |v 3  |3 3 
859 |a CEMS  |b BIB. CEMS - Agricultura  |h 631.7  |i Es82  |p A0246.00  |t Ej.3  |v 3  |3 3 
859 |a CEMS  |b BIB. CEMS - Agricultura  |h 631.7  |i Es82  |p A0247.00  |t Ej.4  |v 3  |3 3